00690nam a2200241 a 4500001001300000003000900013005001700022008004100039020001000080082001500090100002100105245002400126260004400150300000900194500003500203505002700238650001700265700002100282902000800303942000700311952011500318999001500433nice12345678IN_TiNIC20260116011728.0050524s1980 boma grp 000 0 eng  ac10000a275.4bPIL aPillai, K V Paul aPeople for His Name aBombaybGospel Literature Servicec1980 a524p aincludes index and biblioraphy2 aAppendix, bibliography aChurch-India1 aPillai, K V Paul bSRS cBK 001040708StackRoom-aHMIbHMId2007-07-19g100.00l0o275.4 PILp09824r2007-07-19v100.00w2005-05-24yBK c3566d3566